The inheritance of several morphological and physiological traits in Capsicum annuum L

Spremljeno u:
Bibliografski detalji
Glavni autor: Đỗ Văn Chuông
Format: Knjiga
Jezik:Undetermined
Izdano: Cần Thơ Viện Đại Học Cần Thơ - Trường Cao Đẳng Nông Nghiệp 1972
Teme:
Oznake: Dodaj oznaku
Bez oznaka, Budi prvi tko označuje ovaj zapis!
Thư viện lưu trữ: Trung tâm Học liệu Trường Đại học Cần Thơ
LEADER 00628nam a2200181Ia 4500
001 CTU_33467
008 210402s9999 xx 000 0 und d
082 |a 633.84 
082 |b Ch518 
100 |a Đỗ Văn Chuông 
245 4 |a The inheritance of several morphological and physiological traits in Capsicum annuum L 
245 0 |c Đỗ Văn Chuông 
260 |a Cần Thơ 
260 |b Viện Đại Học Cần Thơ - Trường Cao Đẳng Nông Nghiệp 
260 |c 1972 
650 |a field crops,red pepper 
904 |i Minh, 991029 
980 |a Trung tâm Học liệu Trường Đại học Cần Thơ